| 000 | 01313cam a22003374a 4500 | ||
|---|---|---|---|
| 999 |
_c128940 _d128940 |
||
| 001 | 14313117 | ||
| 003 | ARRUPE | ||
| 005 | 20190208112022.0 | ||
| 008 | 060324s2004 cc a 000 0 eng | ||
| 010 | _a 2006341114 | ||
| 020 | _a7508504674 | ||
| 040 |
_aDLC _cDLC _dDLC |
||
| 041 | 1 |
_aeng _hchi |
|
| 042 | _apcc | ||
| 043 | _aa-cc--- | ||
| 050 | 0 | 0 |
_aSPC. DS740 _b.Y5613 2010 |
| 082 | 0 | 0 |
_a320.0951009/05 _222 |
| 100 | 1 |
_aYin, Zhongqing. _944507 |
|
| 245 | 1 | 4 |
_aThe political system of China / _cYin Zhongqing ; translator Wang Pingxing . |
| 250 | _a1st ed. | ||
| 260 |
_aBeijing : _bChina Intercontinental Press , _c2010 . |
||
| 300 |
_a183 p. : _bcol. ill. _c22 cm. |
||
| 490 | 1 |
_aChina basics series = _aZhongguo ji ben qing kuang cong shu. Dang dai juan |
|
| 651 | 0 |
_aChina _xPolitics and government _y2002- _941981 |
|
| 651 | 0 |
_aChina _xAdministrative and political divisions. _944508 |
|
| 830 | 0 |
_aZhongguo ji ben qing kuang cong shu. _pDang dai juan. _944509 |
|
| 856 | 4 | 1 |
_3Table of contents _uhttp://www.loc.gov/catdir/toc/fy0607/2006341114.html |
| 906 |
_a7 _bcbc _corignew _d2 _encip _f20 _gy-gencatlg |
||
| 942 |
_2lcc _cSPC |
||